000 00742nam a2200217 i 4500
001 126765
003 ES-MaACL
005 20250901062536.0
007 t|
008 070214s1958 sp r ||||1| spa d
100 1 _aRétif, André.
_996360
245 1 0 _aCatolicidad /
_cAndré Rétif, S. J. ; [versión española de Juan A. G. Larrava].
260 _aAndorra :
_bCasal y Vall,
_c1958.
300 _a146 p. ;
_c19 cm.
490 1 _aYo sé, yo creo : enciclopedia del católico del siglo XX
610 2 4 _aIglesia Católica
_94639
700 1 _aLarrava, Juan A. G.
_970323
830 0 0 _aYo sé, yo creo: enciclopedia del católico del siglo XX
_9186579
852 _aES-MaACL
_jC-15789
_bR.43029
999 _c126765
_d126765